The hidden value of a man: (Record no. 14817)

000 -LEADER
fixed length control field 00803nam a2200229 a 4500
001 - CONTROL NUMBER
control field :::00012651$&:&@@
003 - CONTROL NUMBER IDENTIFIER
control field OkBaRHE
005 - DATE AND TIME OF LATEST TRANSACTION
control field 20100402122302.0
008 - FIXED-LENGTH DATA ELEMENTS--GENERAL INFORMATION
fixed length control field s1992 j 000 0 eng u
040 ## - CATALOGING SOURCE
Transcribing agency
100 1# - MAIN ENTRY--PERSONAL NAME
Personal name Smalley, Gary.
245 14 - TITLE STATEMENT
Title The hidden value of a man:
Remainder of title the incredible impact of a man on his family.
260 ## - PUBLICATION, DISTRIBUTION, ETC. (IMPRINT)
Place of publication, distribution, etc Colorado Springs, CO., :
Name of publisher, distributor, etc Focus on the Family
Date of publication, distribution, etc 1992
300 ## - PHYSICAL DESCRIPTION
Extent 184 p. ;
Dimensions 24 cm.
650 ## - SUBJECT ADDED ENTRY--TOPICAL TERM
Topical term or geographic name as entry element Communication in Family
General subdivision United States
650 ## - SUBJECT ADDED ENTRY--TOPICAL TERM
Topical term or geographic name as entry element Communication in marriage
General subdivision United States
650 ## - SUBJECT ADDED ENTRY--TOPICAL TERM
Topical term or geographic name as entry element Man
General subdivision United States
-- Psychology
650 ## - SUBJECT ADDED ENTRY--TOPICAL TERM
Topical term or geographic name as entry element Sex roles
General subdivision United States
700 ## - ADDED ENTRY--PERSONAL NAME
Personal name Trent, John T.
942 ## - ADDED ENTRY ELEMENTS (KOHA)
Source of classification or shelving scheme
Koha item type Books
Copies
Copy number Permanent Location Shelving location Not for loan Koha item type Price effective from Date last seen Withdrawn status Damaged status Barcode Full call number Date acquired Lost status Source of classification or shelving scheme
1RHEMA Bible Training CollegeGeneral Stacks Books2010-04-142010-04-14  12651HQ 1090.3 .S62 19922010-04-14